000 01407cad a22002655a 4500
001 E147150
008 090407s2009 xxkd f 000 0 eng d
035 _a(Sirsi) u147150
041 0 _aeng
050 0 4 _a333.33 $2 18
110 2 _aColliers International Property Consultants
_91881
245 0 0 _aEMEA office market overview
_b2009
_h[electronic resource]
260 _aLondon
_bColliers
_c2009
490 0 _aColliers EMEA Office Market Overview
_v2009
520 _aSuggests that average Class A rents in the EMEA region fell by 6% in H2 2008, and predicts further reductions in 2009. Although some major markets (including Copenhagen, Frankfurt, Munich, Rome, and Abu Dhabi) saw rises in rents in the latter half of 2008, the prediction for 2009 is that the trend will be more uniform, and rents are forecast to fall in most cities included in the survey. Landlords are responding to the situation by offering greater incentives and rent free periods, whilst tenants are trying to reduce costs by looking for offices which are "move in ready".
521 _aAdvanced
590 _aKA
650 2 4 _aCOLLIERS EMEA OFFICE MARKET OVERVIEW
651 4 _aEurope
651 4 _aMiddle East
651 4 _aSouth Africa
690 _aPROPERTY-COMMERCIAL PROPERTY-COMMERCIAL PROPERTY MARKET
856 4 0 _uhttps://www.colliers.com
_zView the report free of charge at www.colliers.com...
942 _n0
999 _c109461
_d109461